| 000 | 01020nam a22002537a 4500 | ||
|---|---|---|---|
| 001 | BD-DhSAU 9530 | ||
| 003 | BD-DhSAU | ||
| 005 | 20260512102326.0 | ||
| 008 | 260512b2013 bg a||||r|||| 000 0 eng d | ||
| 040 | _aBD-DhSAU | ||
| 082 |
_222 _a631.4 _bK1896 |
||
| 100 |
_aISLAM, KAZI KAIMUL _eRegistration no. # 18-09069 |
||
| 245 |
_aEnhancing soil fertility and carbon sequestration through organic and inorganic amendments sustainable crop production / _bPh.D. Thesis |
||
| 260 |
_aSher-e-bangla Agricultural University : _bDepartment of Soil Science, _c2023. |
||
| 300 |
_axxii, 222 p. : _bill. ; _c30 cm. |
||
| 500 | _aPh.D thesis of Department of Soil Science,, Sher-e-bangla Agricultural University; Dhaka, Bangladesh | ||
| 590 | _aNazmul | ||
| 650 | _aEnhancing soil fertility | ||
| 650 | _acarbon sequestration | ||
| 650 | _aorganic and inorganic amendments sustainable crop production | ||
| 700 |
_aProf. Alok Kumer Paul _eChairman |
||
| 700 |
_aProf. Asaduzzaman Khan _eMember |
||
| 942 |
_2ddc _cPHD |
||
| 999 |
_c18371 _d18370 |
||